000 00841nam a2200205Ii 4500
003 JO-AjNU
008 230605s9999||||xx |||||||||||||| ||und||
017 _a1993/5/447
040 _aJO-AjNU
_bara
_erda
_cJO-AjNU
041 _aara
050 1 4 _aLA1471.A22 1993
100 3 _aرشيد، عبدالله,
_eauthor
_949534
245 0 0 _aالكتاتيب ونظمها التقليدية في مدينة عمان 1900-1958
264 3 1 _aعمان:دار الينابيع،1993
300 _a143ص
_bملحق خرائط:ص(120-125) ملحق وثائق:ص(126-133) ملحق صور:ص(134-143)
336 _atext
_btxt
_2rdacontent
337 _aunmediated
_bn
_2rdamedia
338 _avolume
_bnc
_2rdacarrier
650 4 _aالتعليم الديني الإسلامي-الأردن-عمان-القرآن-تحفيظ-دراسة وتعليم
_949535
999 _aA21762
_c25330
_d25330